000
00214 a2200097 4500
001
11160
100
_a
Mir Laik Ali
245
_a
Tragedy of Hyderabad
260
_a
_b
Pakistan Co-Operative
_c
090
_c
8714
_d
8714
942
_a
NUST-CAE
_c
M
_c
35505
999
_c
246233
_d
246233